[Event "Elit(Team Viking-Rockaden,Sthlm)"]
[Site "?"]
[Date "2014.02.22"]
[Round "6"]
[White "Hammer, Jon Ludvig"]
[Black "Berg, Emanuel"]
[Result "1-0"]
[WhiteElo "2675"]
[BlackElo "2560"]
[PlyCount "63"]
[SourceDate "2014.02.25"]

1. Nf3 Nf6 2. g3 b5 3. Bg2 Bb7 4. O-O e6 5. d3 Be7 6. e4 d5 7. exd5 Nxd5 8. Nd4
b4 9. c4 bxc3 10. Qb3 cxb2 11. Bxb2 Nd7 12. Qxb7 Rb8 13. Qxa7 Bc5 14. Qa5 Rxb2
15. Nc6 Qg5 16. Nc3 Nxc3 17. Qxc3 Qd2 18. Qxg7 Bxf2+ 19. Kh1 Rf8 20. Rad1 Qe2
21. Rb1 Rd2 22. Qg5 f6 23. Qg7 Bc5 24. Rg1 Rf7 25. Qg8+ Rf8 26. Qxh7 Rf7 27.
Qg8+ Rf8 28. Qg6+ Rf7 29. Rbe1 Qf2 30. Qg8+ Bf8 31. Rxe6+ Re7 32. Rxe7# 1-0

[Event "Elit(Team Viking-Rockaden,Sthlm)"]
[Site "?"]
[Date "2014.02.22"]
[Round "6"]
[White "Agrest, Evgenij"]
[Black "Cmilyte, Viktorija"]
[Result "1/2-1/2"]
[WhiteElo "2684"]
[BlackElo "2565"]
[PlyCount "83"]

1. Nf3 g6 2. c4 Bg7 3. e4 d6 4. d4 Bg4 5. Be2 Nc6 6. d5 Bxf3 7. Bxf3 Nd4 8. Bg4
e5 9. dxe6 Nxe6 10. O-O Nf6 11. Bf3 O-O 12. g3 Nc5 13. Nc3 Re8 14. Qc2 Nfd7 15.
Be3 Qf6 16. Bg2 c6 17. Rad1 Ne5 18. b3 Nf3+ 19. Bxf3 Qxf3 20. Rxd6 Nxe4 21.
Nxe4 Rxe4 22. Qd1 Qf5 23. Qd3 h5 24. f3 Re5 25. Qxf5 Rxf5 26. f4 a5 27. Rfd1
Bc3 28. R1d3 Bb2 29. Kg2 Kg7 30. c5 Ba3 31. Rd7 Bxc5 32. Rxb7 Bxe3 33. Rxe3 Rd8
34. Re2 Rfd5 35. a4 h4 36. Rb6 Rc5 37. Re5 Rxe5 38. fxe5 hxg3 39. hxg3 Re8 40.
Rxc6 Rxe5 41. Rb6 f5 42. b4 1/2-1/2

[Event "Elit(Team Viking-Rockaden,Sthlm)"]
[Site "?"]
[Date "2014.02.22"]
[Round "6"]
[White "Blomqvist, Erik"]
[Black "Cramling, Pia"]
[Result "1/2-1/2"]
[WhiteElo "2580"]
[BlackElo "2530"]
[PlyCount "137"]

1. e4 c5 2. Nf3 e6 3. d4 cxd4 4. Nxd4 Nc6 5. Nc3 Qc7 6. Be3 a6 7. Qd2 Nf6 8.
O-O-O Be7 9. f3 b5 10. g4 Nxd4 11. Bxd4 Bb7 12. Kb1 O-O 13. g5 Nh5 14. Rg1 Rac8
15. Qf2 Rfd8 16. Bb6 Bc5 17. Bxc7 Bxf2 18. Bxd8 Bxg1 19. Rxd7 Bxh2 20. Be7 Bc6
21. Ra7 Rc7 22. Rxc7 Bxc7 23. a4 bxa4 24. Bxa6 Nf4 25. b4 axb3 26. cxb3 Ng6 27.
Bc5 Ne5 28. Be2 f6 29. gxf6 gxf6 30. Kc2 Kf7 31. b4 Nd7 32. Be3 h5 33. f4 h4
34. Bg4 Nb6 35. Kd3 Bd7 36. Bf2 f5 37. Bh5+ Kf8 38. e5 h3 39. Bc5+ Kg7 40. Bf3
Nc8 41. Ke3 Bd8 42. Kf2 Bh4+ 43. Kg1 Be1 44. Ne2 Bd2 45. Kh2 Kf7 46. Bh5+ Kg8
47. Kxh3 Be1 48. Nd4 Bd2 49. Kg3 Be1+ 50. Kf3 Bd2 51. b5 Ba5 52. Ke3 Nb6 53.
Bf3 Na4 54. Ba7 Kf7 55. Kd3 Nb2+ 56. Kc2 Nc4 57. Kb3 Nb6 58. Bc6 Bc8 59. Bb8
Nd7 60. Bxd7 Bxd7 61. Ba7 Bd2 62. Kc4 Bxf4 63. b6 Bxe5 64. b7 Bd6 65. b8=Q Bxb8
66. Bxb8 Kf6 67. Nf3 Bc6 68. Ne5 Bd5+ 69. Kd4 1/2-1/2

[Event "Elit(Team Viking-Rockaden,Sthlm)"]
[Site "?"]
[Date "2014.02.22"]
[Round "6"]
[White "Lindberg, Bo"]
[Black "Bator, Robert"]
[Result "1/2-1/2"]
[WhiteElo "2492"]
[BlackElo "2472"]
[PlyCount "119"]

1. d4 d5 2. c4 c6 3. Nf3 a6 4. e3 Bf5 5. Qb3 Ra7 6. Bd3 Bxd3 7. Qxd3 Nf6 8. O-O
e6 9. Nc3 b5 10. b3 Nbd7 11. e4 b4 12. e5 bxc3 13. exf6 gxf6 14. Bf4 Bg7 15.
Bd6 Bf8 16. Bxf8 Nxf8 17. Qxc3 Nd7 18. Qb4 a5 19. Qa4 Qb6 20. Rfc1 O-O 21. Rc2
Nb8 22. Rac1 Rd8 23. cxd5 Rxd5 24. Rc5 Rxc5 25. Rxc5 Qb4 26. Rc4 Qxa4 27. Rxa4
Nd7 28. Kf1 Nb6 29. Ra3 Kf8 30. Ke2 Ke7 31. Nd2 f5 32. g3 Kd6 33. Kd3 Kd5 34.
Nf1 c5 35. Ne3+ Kc6 36. Nc4 Nxc4 37. Kxc4 cxd4 38. Kxd4 Kb5 39. Ke5 Rc7 40. Kf6
Rc2 41. f4 Rxh2 42. Kxf7 Re2 43. Ra4 h5 44. Kf6 Re3 45. Rc4 Rxg3 46. Kxe6 h4
47. Rc2 h3 48. Rh2 Kc5 49. Kxf5 Kd4 50. Kf6 Ke4 51. f5 Kf4 52. Rh1 Kf3 53. Rh2
Kf4 54. b4 axb4 55. Rb2 Ra3 56. Kg6 Rg3+ 57. Kf6 Ra3 58. Kg6 Rg3+ 59. Kf6 Ra3
60. Kg6 1/2-1/2

[Event "Elit(Team Viking-Rockaden,Sthlm)"]
[Site "?"]
[Date "2014.02.22"]
[Round "6"]
[White "Barkhagen, Jonas"]
[Black "Westerberg, Jonathan"]
[Result "0-1"]
[WhiteElo "2483"]
[BlackElo "2476"]
[PlyCount "130"]

1. d4 d5 2. c4 dxc4 3. Nf3 a6 4. e3 b5 5. a4 Bb7 6. b3 e6 7. axb5 axb5 8. Rxa8
Bxa8 9. bxc4 bxc4 10. Bxc4 Nf6 11. O-O Be7 12. Qa4+ Nbd7 13. Ne5 O-O 14. Nc6
Bxc6 15. Qxc6 Nb8 16. Qa4 c5 17. dxc5 Bxc5 18. Rd1 Qb6 19. Nc3 Qb4 20. Qxb4
Bxb4 21. Na4 Be7 22. f3 Rd8 23. Rxd8+ Bxd8 24. e4 Nbd7 25. Be3 Kf8 26. Bb5 Ke7
27. g4 Bc7 28. Kg2 Ne8 29. f4 Nd6 30. Bd3 f6 31. h3 Nf7 32. Bb1 g5 33. f5 exf5
34. exf5 Be5 35. Bd2 Nd6 36. Bb4 Bd4 37. Nc3 Bxc3 38. Bxc3 Ne5 39. Bb4 Kd7 40.
Kf2 Kc6 41. Ke3 Ndc4+ 42. Kd4 Nd6 43. Bc2 Nf3+ 44. Ke3 Ne5 45. Ba4+ Kd5 46.
Bb3+ Kc6 47. Be6 Nec4+ 48. Ke2 Ne5 49. Bc3 Ne4 50. Bb2 Nc5 51. Ba3 Ned3 52. Kf3
Nf4 53. Bf7 Nxh3 54. Bb2 Kd6 55. Bxf6 Nd7 56. Bd8 Ne5+ 57. Kg3 Nxf7 58. Ba5 Nf4
59. Bb4+ Ke5 60. Bc3+ Ke4 61. Bf6 Ne2+ 62. Kf2 Nd4 63. Kg3 Ke3 64. Kh3 h6 65.
Be7 Kf3 0-1

[Event "Elit(Team Viking-Rockaden,Sthlm)"]
[Site "?"]
[Date "2014.02.22"]
[Round "6"]
[White "Bellon Lopez, Juan"]
[Black "Engqvist, Thomas"]
[Result "1/2-1/2"]
[WhiteElo "2428"]
[BlackElo "2428"]
[PlyCount "117"]

1. d4 Nf6 2. Nf3 e6 3. Bg5 c5 4. e3 d5 5. c3 Nbd7 6. Nbd2 Be7 7. Bd3 b6 8. Qa4
O-O 9. Ne5 Qc7 10. f4 c4 11. Bb1 Re8 12. O-O Bb7 13. Qd1 Nf8 14. Bc2 b5 15. a3
Ne4 16. Bxe7 Qxe7 17. Nxe4 dxe4 18. Qh5 Bd5 19. Ng4 f5 20. Ne5 a5 21. Qe2 Rec8
22. Rfc1 Rab8 23. Bd1 Nd7 24. Qd2 Rc7 25. Nxd7 Rxd7 26. Rab1 b4 27. cxb4 axb4
28. axb4 Rxb4 29. Be2 Rdb7 30. Rc2 h6 31. Qc1 Qc7 32. h3 Kh7 33. Kh2 Qb8 34.
Bxc4 Bxc4 35. Rxc4 Rxb2 36. Rxb2 Rxb2 37. Rc7 Re2 38. Rc2 Qb5 39. Rxe2 Qxe2 40.
Kg3 g5 41. Qa3 Kg6 42. Kh2 gxf4 43. exf4 Qf2 44. Qd6 Qa2 45. Qf8 Qf2 46. Qg8+
Kf6 47. Qh8+ Kg6 48. Qe5 Qa2 49. Qb8 Qd2 50. h4 Qf2 51. Kh3 Qe3+ 52. Kh2 Qf2
53. Qg8+ Kf6 54. Qf8+ Kg6 55. Qe8+ Kf6 56. Qf8+ Kg6 57. Qe8+ Kf6 58. Qf8+ Kg6
59. Qe8+ 1/2-1/2

[Event "Elit(Team Viking-Rockaden,Sthlm)"]
[Site "?"]
[Date "2014.02.22"]
[Round "6"]
[White "Karlsson, Lars"]
[Black "Sagit, Rauan"]
[Result "1/2-1/2"]
[WhiteElo "2456"]
[BlackElo "2430"]
[PlyCount "53"]

1. g3 e5 2. c4 Nf6 3. Bg2 d5 4. cxd5 Nxd5 5. Nc3 Nb6 6. d3 Be7 7. a4 a5 8. Be3
O-O 9. Bxb6 cxb6 10. Nf3 Nc6 11. O-O Be6 12. Nd2 Qd7 13. Nc4 Ra6 14. Bxc6 bxc6
15. Nxe5 Qc7 16. d4 Rd8 17. e3 f6 18. Nd3 Qd7 19. Qe2 Raa8 20. Rfc1 g5 21. f4
h6 22. Nf2 Kg7 23. Qf3 Rac8 24. Rd1 Bb3 25. Rd2 Qe6 26. f5 Qf7 27. e4 1/2-1/2

[Event "Elit(Team Viking-Rockaden,Sthlm)"]
[Site "?"]
[Date "2014.02.22"]
[Round "6"]
[White "Pettersson, Anders"]
[Black "Hedman, Erik"]
[Result "1/2-1/2"]
[WhiteElo "2355"]
[BlackElo "2445"]
[PlyCount "116"]

1. d4 Nf6 2. c4 c5 3. d5 e6 4. Nc3 exd5 5. cxd5 d6 6. e4 g6 7. Bf4 a6 8. a4 Bg7
9. Be2 O-O 10. Nf3 Bg4 11. O-O Bxf3 12. Bxf3 Qe7 13. Qb3 Nbd7 14. Qxb7 Rfb8 15.
Qc6 Ne8 16. a5 Ne5 17. Bxe5 Bxe5 18. Be2 Nc7 19. Na4 Ra7 20. Bd3 Nb5 21. Bxb5
axb5 22. Nb6 Qe8 23. Kh1 g5 24. Ra2 c4 25. Rfa1 Kg7 26. f3 h6 27. g3 g4 28. f4
Bd4 29. e5 dxe5 30. Qxe8 Rxe8 31. fxe5 Bxe5 32. Re1 f6 33. d6 Rd8 34. d7 Kf7
35. Rd1 Ke6 36. Rd5 Rb7 37. Rxb5 Bd4 38. Rb4 Bxb6 39. axb6 Rbxd7 40. Ra1 Rb7
41. Re1+ Kf7 42. Re4 Rd6 43. Rexc4 Rdxb6 44. Rxb6 Rxb6 45. b4 f5 46. Kg1 Ke6
47. Kf2 Kd5 48. Rf4 Ke5 49. Ke3 Ra6 50. Rc4 Ra2 51. Rc5+ Kd6 52. Rxf5 Rxh2 53.
Kf4 h5 54. Kg5 Rg2 55. Kh4 Rh2+ 56. Kg5 Rg2 57. Kh4 Rh2+ 58. Kg5 Rg2 1/2-1/2

[Event "Elit(Rockaden,Sthlm-Limhamn)"]
[Site "?"]
[Date "2014.03.07"]
[Round "7"]
[White "Brynell, Stellan"]
[Black "Blomqvist, Erik"]
[Result "0-1"]
[WhiteElo "2549"]
[BlackElo "2580"]
[PlyCount "112"]
[EventDate "2014.??.??"]
[SourceDate "2014.03.12"]

1. d4 d5 2. c4 c6 3. Nc3 Nf6 4. e3 e6 5. Nf3 Nbd7 6. Bd3 dxc4 7. Bxc4 b5 8. Bd3
Bd6 9. O-O O-O 10. Bd2 Bb7 11. Rc1 Rc8 12. a3 a5 13. Ne2 e5 14. Ng3 g6 15. Qe1
Qe7 16. dxe5 Nxe5 17. Nxe5 Bxe5 18. Bc3 Rfd8 19. Be2 Bxc3 20. Qxc3 b4 21. Qc5
Qxc5 22. Rxc5 Rd2 23. Rb1 Ra8 24. Bf3 Ra6 25. Kf1 Kf8 26. Ke1 Rd8 27. Ne4 Nd7
28. Rd1 Ke7 29. Rc2 Ne5 30. Nc5 Ra7 31. Rcd2 Rxd2 32. Rxd2 Ba6 33. Rd4 Bc8 34.
Kd2 bxa3 35. bxa3 Ra8 36. Kc3 Rb8 37. Nb3 Be6 38. Nxa5 Rb1 39. Be4 Rb5 40. f4
Rxa5 41. fxe5 Rxa3+ 42. Kb2 Rxe3 43. Bxc6 Rxe5 44. Bf3 Rc5 45. Rd3 Kf6 46. Rc3
Rxc3 47. Kxc3 Ke5 48. g3 Bd5 49. Be2 Ke4 50. Kd2 f5 51. h4 f4 52. Bd3+ Kf3 53.
gxf4 Kxf4 54. h5 gxh5 55. Ke2 h4 56. Kf2 h3 0-1

[Event "Elit(Rockaden,Sthlm-Limhamn)"]
[Site "?"]
[Date "2014.03.07"]
[Round "7"]
[White "Bator, Robert"]
[Black "Hector, Jonny"]
[Result "1-0"]
[WhiteElo "2472"]
[BlackElo "2582"]
[PlyCount "79"]

1. d4 d5 2. Nf3 Nf6 3. c4 c6 4. e3 Bf5 5. Nc3 e6 6. Nh4 Be4 7. f3 Bg6 8. Qb3
Qb6 9. Nxg6 hxg6 10. Bd2 Nbd7 11. g3 g5 12. Qc2 g4 13. f4 g6 14. Be2 Nh5 15.
cxd5 cxd5 16. Nb5 Bd6 17. O-O f5 18. a4 a5 19. Bxa5 Qxa5 20. Nxd6+ Ke7 21. Nxb7
Qb4 22. Nc5 Rhc8 23. Rfc1 Rab8 24. Bb5 Nxc5 25. dxc5 Nf6 26. c6 Ne4 27. Qe2 Nd2
28. Rc2 Nf3+ 29. Kf1 Qe4 30. c7 Ra8 31. Qd3 Nd2+ 32. Qxd2 Qh1+ 33. Ke2 Qxa1 34.
Qc3 Kf7 35. Rc1 Qa2 36. Bd7 Rh8 37. c8=Q Raxc8 38. Bxc8 Rxh2+ 39. Kd3 Qxa4 40.
Bxe6+ 1-0

[Event "Elit(Rockaden,Sthlm-Limhamn)"]
[Site "?"]
[Date "2014.03.07"]
[Round "7"]
[White "Ahlander, Bjorn"]
[Black "Wiedenkeller, Michael"]
[Result "1/2-1/2"]
[WhiteElo "2521"]
[BlackElo "2537"]
[PlyCount "106"]

1. c4 Nf6 2. Nc3 e6 3. e4 d5 4. e5 d4 5. exf6 dxc3 6. bxc3 Qxf6 7. Nf3 e5 8. d4
exd4 9. Bg5 Qe6+ 10. Be2 Be7 11. Nxd4 Qd7 12. Be3 Na6 13. Qc2 O-O 14. Rd1 Qe8
15. O-O Bd7 16. Bd3 h6 17. Rfe1 Nc5 18. Bf5 Rd8 19. Bf4 Ba4 20. Nb3 Rxd1 21.
Qxd1 Ne6 22. Bxe6 fxe6 23. Qg4 Qf7 24. Bg3 Bd7 25. Qe4 Bd6 26. Qe3 Bxg3 27.
hxg3 b6 28. Nd2 e5 29. Qf3 Re8 30. Re3 Qe6 31. Qe2 Bc6 32. Nf3 Bxf3 33. gxf3
Kf7 34. Re4 Qc6 35. Qd3 Qd6 36. Qe3 Re6 37. Kh2 Re7 38. Kh3 Qe6+ 39. Kh2 Qd6
40. Kg2 Qc6 41. Rg4 Re6 42. Qd3 Rf6 43. Re4 Rd6 44. Qe2 Re6 45. Re3 Re7 46. Qd3
a5 47. Qf5+ Qf6 48. Qe4 Qd6 49. Rd3 Qg6 50. Qd5+ Qe6 51. Qe4 Qg6 52. Qd5+ Qe6
53. Qe4 Qg6 1/2-1/2

[Event "Elit(Rockaden,Sthlm-Limhamn)"]
[Site "?"]
[Date "2014.03.07"]
[Round "7"]
[White "Karlsson, Lars"]
[Black "Jepson, Christian"]
[Result "1/2-1/2"]
[WhiteElo "2456"]
[BlackElo "2471"]
[PlyCount "152"]

1. g3 e5 2. c4 Nf6 3. Bg2 d5 4. cxd5 Nxd5 5. Nc3 Nb6 6. d3 Be7 7. a4 a5 8. Be3
Nc6 9. Bxb6 cxb6 10. Nf3 Be6 11. Nd2 f5 12. O-O h5 13. Nc4 h4 14. Re1 Bc5 15.
Nb5 Qe7 16. Rc1 hxg3 17. hxg3 Rd8 18. e3 e4 19. d4 Qf7 20. Qe2 Bb4 21. Rf1 g5
22. f3 Qh5 23. Nc7+ Ke7 24. Nxe6 Qh2+ 25. Kf2 Rh3 26. Rh1 Qxg3+ 27. Kg1 Rxh1+
28. Kxh1 Kxe6 29. fxe4 fxe4 30. Qh5 Qh4+ 31. Qxh4 gxh4 32. Bxe4 Ne7 33. Rf1 Rg8
34. Kh2 Nd5 35. Bf5+ Ke7 36. e4 Nf6 37. Nxb6 Ng4+ 38. Bxg4 Rxg4 39. Nd5+ Kd8
40. Rf4 Rg3 41. e5 Rb3 42. Rxh4 Kd7 43. Rh6 Rxb2+ 44. Kg3 Rd2 45. e6+ Kd6 46.
e7+ Kd7 47. Rh7 Bxe7 48. Nxe7 Rd3+ 49. Kf2 Ke6 50. d5+ Kd6 51. Ke2 Rb3 52. Kd2
Rb4 53. Kc3 Rb1 54. Kc2 Rb4 55. Kc3 Rb1 56. Nf5+ Kxd5 57. Ne3+ Kc6 58. Rh6+ Kd7
59. Rh5 b6 60. Rb5 Ra1 61. Kb3 Kc6 62. Nd5 Rh1 63. Nc3 Rh4 64. Rg5 Rb4+ 65. Kc2
Rd4 66. Rg6+ Kc5 67. Re6 Rh4 68. Re5+ Kc4 69. Nb1 Rh2+ 70. Nd2+ Kb4 71. Rb5+
Kxa4 72. Rxb6 Ka3 73. Rb3+ Ka4 74. Rb1 Rg2 75. Kc3 Rg3+ 76. Kc2 Rg2 1/2-1/2

[Event "Elit(Rockaden,Sthlm-Limhamn)"]
[Site "?"]
[Date "2014.03.07"]
[Round "7"]
[White "Johansson, Linus"]
[Black "Barkhagen, Jonas"]
[Result "0-1"]
[WhiteElo "2425"]
[BlackElo "2483"]
[PlyCount "114"]

1. d4 c5 2. d5 e5 3. g3 d6 4. Bg2 Be7 5. e4 Bg5 6. Nd2 Nf6 7. Ne2 O-O 8. O-O b5
9. h3 Nbd7 10. f4 Bh6 11. a4 bxa4 12. Rxa4 Nb6 13. Ra3 exf4 14. gxf4 Nh5 15. e5
Re8 16. Ne4 dxe5 17. fxe5 Bxc1 18. e6 fxe6 19. Nxc1 exd5 20. Qxh5 dxe4 21. Rg3
Qd4+ 22. Kh2 Be6 23. Ne2 Qd5 24. Nf4 Qxh5 25. Nxh5 Re7 26. Bxe4 Rd8 27. Rf2 Kh8
28. b3 g6 29. Nf4 Bf7 30. Bd3 Kg7 31. h4 Nd5 32. h5 Nxf4 33. Rxf4 Rd4 34. Rxd4
cxd4 35. Rg4 Rd7 36. hxg6 hxg6 37. Kg3 Kf6 38. Rf4+ Ke5 39. Re4+ Kd5 40. Kf4
Kc5 41. Re5+ Kb4 42. Ke4 Kc3 43. Rc5+ Kd2 44. Bb5 Rd8 45. Ke5 g5 46. b4 Bg6 47.
Ba4 g4 48. Kf4 Rb8 49. b5 Be8 50. Kxg4 a6 51. Rc4 Bxb5 52. Rxd4+ Kc3 53. Bxb5
axb5 54. Rf4 Kxc2 55. Rf2+ Kc3 56. Rf3+ Kb2 57. Rf2+ Ka3 0-1

[Event "Elit(Rockaden,Sthlm-Limhamn)"]
[Site "?"]
[Date "2014.03.07"]
[Round "7"]
[White "Engqvist, Thomas"]
[Black "Schneider, Stefan"]
[Result "0-1"]
[WhiteElo "2428"]
[BlackElo "2423"]
[PlyCount "79"]

1. d4 e6 2. Nf3 Nf6 3. Bg5 c5 4. e3 Be7 5. Nbd2 O-O 6. Bd3 cxd4 7. exd4 d6 8.
c3 Nbd7 9. O-O b6 10. a4 a6 11. Re1 Bb7 12. Nc4 Qc7 13. Ne3 Rfe8 14. Bc4 Bf8
15. Nd2 Ne4 16. Nxe4 Bxe4 17. Qe2 Qb7 18. Qg4 d5 19. Bb3 b5 20. a5 Rac8 21. Qe2
Bd6 22. Bh4 Rf8 23. Bg3 Bxg3 24. hxg3 Nb8 25. Bc2 Bxc2 26. Nxc2 Nc6 27. b4 Ne7
28. Qd3 Rc6 29. Rac1 Rfc8 30. Na1 Qc7 31. Re3 Nf5 32. Rf3 Nd6 33. Nb3 Nc4 34.
Nc5 e5 35. Qf5 e4 36. Rf4 Rd8 37. Rg4 Qe7 38. Re1 g6 39. Qf4 h5 40. Qg5 0-1

[Event "Elit(Rockaden,Sthlm-Limhamn)"]
[Site "?"]
[Date "2014.03.07"]
[Round "7"]
[White "Lindgren, Philip"]
[Black "Kenneskog, Theodor"]
[Result "0-1"]
[WhiteElo "2413"]
[BlackElo "2346"]
[PlyCount "60"]

1. d4 Nf6 2. c4 g6 3. Nf3 Bg7 4. Nc3 d5 5. Qb3 dxc4 6. Qxc4 O-O 7. e4 a6 8. Be2
b5 9. Qb3 Nc6 10. e5 Be6 11. exf6 Bxb3 12. fxg7 Kxg7 13. axb3 Nxd4 14. Nxd4
Qxd4 15. O-O Qb4 16. Bf3 Qxb3 17. Bd5 Qb4 18. Bxa8 Rxa8 19. Rd1 c6 20. g3 a5
21. Rd7 a4 22. Be3 e5 23. Rc1 Qxb2 24. Ne4 a3 25. Rdd1 a2 26. Ra1 b4 27. Bg5 b3
28. Bf6+ Kf8 29. Ng5 h6 30. Nf3 Qxa1 0-1

[Event "Elit(Rockaden,Sthlm-Limhamn)"]
[Site "?"]
[Date "2014.03.07"]
[Round "7"]
[White "Lokander, Martin"]
[Black "Penalver, Osmani"]
[Result "1-0"]
[WhiteElo "2331"]
[BlackElo "2287"]
[PlyCount "145"]

1. Nf3 Nf6 2. c4 e6 3. g3 b6 4. Bg2 Ba6 5. b3 c6 6. O-O d5 7. d3 Be7 8. Bb2 O-O
9. Nbd2 Nbd7 10. Rc1 Rc8 11. Rc2 Ng4 12. Bh3 h5 13. Qa1 Bf6 14. Bg2 Qe7 15. h3
Bxb2 16. Qxb2 Ngf6 17. Ne5 Bb7 18. f4 Nxe5 19. Qxe5 Qd7 20. Bf3 h4 21. gxh4
Rfd8 22. c5 Qe7 23. cxb6 axb6 24. Bh1 Nd7 25. Qg5 f6 26. Qg3 Kf7 27. Nf3 Rh8
28. Kh2 Rcg8 29. f5 e5 30. e3 g6 31. Qg4 gxf5 32. Qxf5 Ke8 33. Rg2 Rxg2+ 34.
Bxg2 Qg7 35. Qe6+ Kd8 36. Qg4 Qh7 37. e4 d4 38. Rg1 Nc5 39. Bf1 Ba6 40. Qg7
Qxg7 41. Rxg7 Bxd3 42. Bxd3 Nxd3 43. Kg3 Nc5 44. Nd2 Ne6 45. Rf7 Rg8+ 46. Kf3
Rg6 47. Nc4 Nf4 48. Nxb6 Ke8 49. Rc7 Rg1 50. Rxc6 Ke7 51. Nc4 Rf1+ 52. Kg4 Ne6
53. h5 Rg1+ 54. Kf3 Ng5+ 55. Ke2 Nxe4 56. h6 Rg3 57. h7 d3+ 58. Kf1 Rxh3 59.
Rc8 d2 60. Nxd2 Nxd2+ 61. Kg2 Rxh7 62. Rc7+ Kd6 63. Rxh7 f5 64. b4 e4 65. b5
Kc5 66. a4 f4 67. Rf7 f3+ 68. Kg3 e3 69. Rxf3 Nc4 70. Rf6 Nb2 71. b6 Nd3 72. b7
e2 73. Re6 1-0

[Event "Elit(Burgsvik-LASK)"]
[Site "?"]
[Date "2014.03.07"]
[Round "7"]
[White "Hansen, Sune Berg"]
[Black "Fries Nielsen, Jens Ove"]
[Result "1-0"]
[WhiteElo "2636"]
[BlackElo "2486"]
[PlyCount "83"]
[EventDate "2014.??.??"]

1. Nf3 Nf6 2. g3 d6 3. Bg2 Nbd7 4. c4 c6 5. Nc3 Nb6 6. b3 d5 7. cxd5 cxd5 8.
Ba3 g6 9. Rc1 Bg7 10. O-O O-O 11. d4 Bf5 12. Ne5 Nc8 13. Bb2 Be6 14. Nd3 Bh6
15. e3 Bg4 16. Ne2 Nd6 17. Ne5 Bf5 18. Nc3 Nde4 19. Na4 Qa5 20. Qe1 Qa6 21. f3
Nd6 22. Nc5 Qb5 23. g4 Bc8 24. Rf2 b6 25. Bf1 Qe8 26. Na6 Bxa6 27. Bxa6 Nd7 28.
Nc6 f5 29. h3 Nb8 30. Nxb8 Qxb8 31. Bf1 fxg4 32. hxg4 Bg5 33. Qe2 Ne4 34. fxe4
Qg3+ 35. Rg2 Qxe3+ 36. Kh1 Qxe2 37. Bxe2 Bxc1 38. Bxc1 e6 39. Bh6 Rf7 40. Ba6
dxe4 41. Bc4 Re8 42. d5 1-0

[Event "Elit(Burgsvik-LASK)"]
[Site "?"]
[Date "2014.03.07"]
[Round "7"]
[White "Krupenski, Juri"]
[Black "Tikkanen, Hans"]
[Result "0-1"]
[WhiteElo "2357"]
[BlackElo "2631"]
[PlyCount "60"]

1. d4 e6 2. c4 Nf6 3. Nf3 b6 4. e3 Bb7 5. Bd3 d5 6. cxd5 exd5 7. O-O Bd6 8. Nc3
O-O 9. b3 a6 10. Bb2 Nbd7 11. Rc1 Ne4 12. Ne2 Qe7 13. Rc2 Kh8 14. Ng3 f5 15.
Qe2 c6 16. Rfc1 a5 17. a4 Rf6 18. Qf1 Raf8 19. Ba6 Ba8 20. Nh5 Rh6 21. Nf4 g5
22. Nd3 Nb8 23. Nde5 g4 24. Ne1 Qh4 25. h3 gxh3 26. g3 h2+ 27. Kh1 Qxg3 28. Bd3
Qxe3 29. Bxe4 fxe4 30. Qg2 Qf4 0-1

[Event "Elit(Burgsvik-LASK)"]
[Site "?"]
[Date "2014.03.07"]
[Round "7"]
[White "Hillarp Persson, Tiger"]
[Black "Andersson, Tommy"]
[Result "1-0"]
[WhiteElo "2620"]
[BlackElo "2416"]
[PlyCount "111"]

1. d4 Nf6 2. c4 e6 3. Nc3 Bb4 4. f3 O-O 5. a3 Bxc3+ 6. bxc3 Ne8 7. e4 b6 8. Bd3
Nc6 9. Nh3 Qh4+ 10. Nf2 Ba6 11. O-O Na5 12. c5 Bxd3 13. Nxd3 d6 14. cxd6 cxd6
15. Ra2 Rc8 16. Rc2 d5 17. a4 Nd6 18. e5 Ndc4 19. Re2 Qe7 20. Nf4 Kh8 21. Nh5
Qh4 22. g4 Rce8 23. Bf4 Nc6 24. Qc1 Qe7 25. Bg5 f6 26. exf6 gxf6 27. Bh4 e5 28.
Qh6 Qf7 29. Bxf6+ Kg8 30. dxe5 N6xe5 31. Bxe5 Rxe5 32. Rxe5 Nxe5 33. Qg5+ Ng6
34. f4 Qe6 35. f5 Qe7 36. Qxe7 Nxe7 37. Re1 Kf7 38. Re6 Rc8 39. Nf6 Rxc3 40.
Nxh7 Rc4 41. Ng5+ Kf8 42. h3 Rc8 43. Rd6 Ng8 44. Rxd5 Nf6 45. Rd6 Kg7 46. Rd4
Kf8 47. Ne4 Ke7 48. Kg2 Nd7 49. Kg3 Rc1 50. Kf4 Rf1+ 51. Kg5 Ne5 52. Rd5 Nf7+
53. Kg6 Rh1 54. Ng5 Nxg5 55. f6+ Kf8 56. Rd8# 1-0

[Event "Elit(Burgsvik-LASK)"]
[Site "?"]
[Date "2014.03.07"]
[Round "7"]
[White "Andersson, Bjorn"]
[Black "Semcesen, Daniel"]
[Result "0-1"]
[WhiteElo "2290"]
[BlackElo "2535"]
[PlyCount "62"]

1. e4 e5 2. Nf3 Nc6 3. Bb5 a6 4. Ba4 Nf6 5. Qe2 d6 6. c3 Be7 7. d3 O-O 8. Nbd2
b5 9. Bb3 Na5 10. Bc2 c5 11. O-O Nc6 12. Rd1 Re8 13. Nf1 h6 14. Ng3 d5 15. exd5
Qxd5 16. Bb3 Qd6 17. a4 Rb8 18. Ne4 Qc7 19. Be3 Na5 20. Nxf6+ Bxf6 21. Bc2 b4
22. cxb4 Rxb4 23. Rab1 Bg4 24. Bd2 Nc6 25. Bc3 Rf4 26. Re1 Bxf3 27. gxf3 Rh4
28. Qf1 Nd4 29. Bd1 Bg5 30. b4 Bf4 31. h3 Re6 0-1

[Event "Elit(Burgsvik-LASK)"]
[Site "?"]
[Date "2014.03.07"]
[Round "7"]
[White "Nilsson, Sebastian"]
[Black "Fries Nielsen, Niels J"]
[Result "1/2-1/2"]
[WhiteElo "2381"]
[BlackElo "2411"]
[PlyCount "144"]

1. e4 d6 2. d4 Nf6 3. Nc3 a6 4. f4 b5 5. e5 b4 6. exf6 bxc3 7. fxg7 Bxg7 8.
bxc3 c5 9. Be2 Bf5 10. Bd3 Bxd3 11. Qxd3 Qa5 12. Bd2 Qb5 13. Qe4 Qc6 14. d5 Qb7
15. Rd1 e6 16. c4 O-O 17. Ne2 Nd7 18. O-O exd5 19. cxd5 Nf6 20. Qd3 Qxd5 21.
Bc3 Qxd3 22. Rxd3 Ne4 23. Bxg7 Kxg7 24. Ng3 Nxg3 25. hxg3 Rfd8 26. Rfd1 Rab8
27. Rxd6 Rxd6 28. Rxd6 Rb2 29. Rxa6 Rxc2 30. a4 c4 31. a5 Ra2 32. Rc6 Rxa5 33.
Rxc4 Rb5 34. Kf2 Kg6 35. Kf3 Rb3+ 36. Kg4 Rb5 37. Rc8 Kg7 38. Re8 Rb2 39. Kf3
Rb5 40. Re5 Rb3+ 41. Kg4 h6 42. Rc5 Rb2 43. Kh3 Rb3 44. Rc2 Kg6 45. Kh4 Rb4 46.
Rf2 Rb1 47. g4 Rh1+ 48. Kg3 f6 49. Ra2 h5 50. Ra7 hxg4 51. Kxg4 f5+ 52. Kg3 Rb1
53. Ra8 Rb4 54. Rg8+ Kf7 55. Rg5 Kf6 56. Kf3 Rb3+ 57. Kf2 Ra3 58. Rg8 Kf7 59.
Rc8 Kg6 60. g3 Ra2+ 61. Ke3 Ra3+ 62. Kd4 Kg7 63. Ke5 Rxg3 64. Kxf5 Ra3 65. Rc7+
Kf8 66. Kg5 Ra5+ 67. f5 Ra6 68. Rc8+ Kf7 69. Rh8 Kg7 70. Re8 Kf7 71. Re6 Rxe6
72. fxe6+ Kxe6 1/2-1/2

[Event "Elit(Burgsvik-LASK)"]
[Site "?"]
[Date "2014.03.07"]
[Round "7"]
[White "Tuvesson, Mats"]
[Black "Smith, Axel"]
[Result "0-1"]
[WhiteElo "2209"]
[BlackElo "2544"]
[PlyCount "116"]

1. d4 d5 2. Nf3 Bf5 3. Bf4 e6 4. e3 Bd6 5. Bxd6 Qxd6 6. c3 Nf6 7. Bd3 Bxd3 8.
Qxd3 O-O 9. O-O c5 10. Nbd2 Nc6 11. Rfe1 Rfd8 12. Qb5 cxd4 13. exd4 Nd7 14. Re3
a6 15. Qe2 b5 16. Ne5 Ndxe5 17. dxe5 Qc7 18. Nf3 d4 19. Rd3 dxc3 20. Rxc3 Qd7
21. h3 Nd4 22. Nxd4 Qxd4 23. Rac1 g6 24. R1c2 Rd5 25. Re3 Rad8 26. Re4 Qb6 27.
Kh2 Rd1 28. Qf3 Qb7 29. Qf4 Qe7 30. Ree2 R1d4 31. Re4 R4d5 32. Qe3 Kg7 33. Rf4
Rd3 34. Qe4 Rd2 35. Rf3 R8d4 36. Qc6 Rxc2 37. Qxc2 Qd7 38. Qc3 Rc4 39. Qe3 Rc2
40. Qa3 Qc7 41. Qe3 Rc5 42. g3 Qxe5 43. Qxe5+ Rxe5 44. Ra3 Re2 45. Kg2 Rxb2 46.
h4 Kf6 47. Rxa6 Ke5 48. Ra7 b4 49. Rxf7 Rxa2 50. Rxh7 Kd4 51. Rb7 Kc3 52. g4 b3
53. Kg3 Ra5 54. f4 b2 55. h5 gxh5 56. g5 Ra4 57. Rxb2 Kxb2 58. g6 Kc3 0-1

[Event "Elit(Burgsvik-LASK)"]
[Site "?"]
[Date "2014.03.07"]
[Round "7"]
[White "Olsson, Linus"]
[Black "Packalen, Marcus"]
[Result "1/2-1/2"]
[WhiteElo "2334"]
[BlackElo "2206"]
[PlyCount "45"]

1. Nf3 c5 2. c4 Nc6 3. d4 cxd4 4. Nxd4 g6 5. Nc2 Bg7 6. g3 Qb6 7. Nd2 Nf6 8.
Bg2 O-O 9. O-O d6 10. Rb1 a5 11. b3 Bf5 12. a3 Nd4 13. Nxd4 Qxd4 14. Bb2 Qa7
15. Rc1 Rab8 16. Nf3 Be4 17. Nd4 Bxg2 18. Kxg2 Qc5 19. Nb5 Nd7 20. Bxg7 Kxg7
21. Qd2 b6 22. Rfd1 Nf6 23. a4 1/2-1/2